The Friday Multiple Choice Quiz (General Knowledge) #2 - Statistics

General Stats
  • This quiz has been taken 64 times
  • The average score is 5 of 10
Answer Stats
Question Answer % Correct
The statue of the Duke of Wellington in Queen Street, Glasgow, usually has what on its head? A traffic cone
91%
What is the name of the film festival founded by Robert Redford? Sundance
84%
Whereabouts in the USA are The Hamptons? Long Island
68%
What instrument is jazz musician Courtney Pine primarily best known for playing? Saxophone
64%
In 1867 how much did the USA pay the Russian Empire for the purchase of Alaska? $7.2 million
38%
Which American soldier, described as the most decorated in WWII, went on to star in the films the 'Red Badge of Courage' and 'To Hell and Back' ? Audie Murphy
38%
Which Scottish manager was in charge of Great Britain's 1948 Olympics football team? Matt Busby
38%
In 1964 which band had UK hits with 'Tobacco Road' and 'Google Eye' ? Nashville Teens
34%
In which country were coffee seeds first brewed and roasted? Yemen
34%
Which actor's name is cockney rhyming slang for 'teeth'? Lee Van Cleef
29%
No matching quizzes found
Score Distribution
Percent of People with Each Score
Percentile by Number Answered
Your Score History
You have not taken this quiz